000 00849nas a2200277 4500
001 BR8904160
003 BR-BrBNA
005 20231205091655.0
007 ta
008 230509b bl.|||p| |||| 00| 00por d
040 _aBR-BrBNA
_bpor
_cBiblioteca Nacional de Agricultura
041 _a(Pt)
072 _aQ70
100 1 _aBendassolli, J.A.
100 1 _aTrivelin, P.C.O.
100 1 _aMortatti, J.
100 1 _aVictoria, R.L.
245 1 _aSintese de fertilizantes nitrogenados enriquecidos em N. Parte 2. Sintese de ureia enriquecida em N
650 _aFERTILIZANTE NITROGENADO
650 _aNITROGENIO
650 _aUREIA
650 _aPROCESSAMENTO
773 0 _tEnergia Nuclear e Agricultura (Brazil)
_xISSN 0100-3593
_g(1988), v. 9(2) p. 94-116
_wBR8904160
909 _a202311
_bLúcia
_c55
_dLúcia Elande
942 _2AGRIS
_n0
_cANA
999 _c126606
_d126606